Statistics for Asian Capitals With Seven Letters

Click here to take the quiz!

General Stats

  • This quiz has been taken 44 times
  • The average score is 6 of 9

Answer Stats

Capital% Correct
Beijing
90%
Bangkok
85%
Jakarta
78%
Baghdad
76%
Bishkek
73%
Yerevan
68%
Tbilisi
54%
Nicosia
44%
Thimphu
39%

Score Distribution

Percentile by Number Answered

Percent of People with Each Score

Your Score History

You have not taken this quiz